| 000 | 00664nam a22002177a 4500 | ||
|---|---|---|---|
| 003 | BUBTL | ||
| 008 | 210922b ||||| |||| 00| 0 eng d | ||
| 020 | _a9781853260216 | ||
| 082 | _a823.5/ F4601h/ 1992 | ||
| 100 |
_94194 _a Fielding, Henry |
||
| 245 |
_a The history of Tom Jones: _b a foundling / _c Henry Fielding |
||
| 250 | _a1st ed. | ||
| 260 |
_aLondon: _bWordsworth Editions Limited, _cc1992 |
||
| 300 |
_axxi, 734 p. : _c20 cm. |
||
| 440 |
_94204 _aWordsworth Classics |
||
| 650 | 0 |
_91994 _aEnglish Literature |
|
| 700 |
_94205 _aRoberts, Doreen |
||
| 856 |
_k0 _l0 _yDownload |
||
| 942 |
_2ddc _cBK |
||
| 999 |
_c6533 _d6533 |
||